|
|
|
|
| LEADER |
00000nam0a2200000 4500 |
| 001 |
283538 |
| 005 |
20231101235615.0 |
| 035 |
|
|
|a (RuTPU)RU\TPU\book\307643
|
| 090 |
|
|
|a 283538
|
| 100 |
|
|
|a 20150207d1984 k y0rusy50 ca
|
| 101 |
0 |
|
|a rus
|
| 102 |
|
|
|a RU
|
| 105 |
|
|
|a y z 001zy
|
| 200 |
1 |
|
|a Прецизионные наблюдения космических лучей в Якутске
|f Г. В. Шафер, Ю. Г. Шафер
|g Академия наук СССР (АН СССР), Сибирское отделение (СО), Якутский филиал (ЯФ) ; Академия наук СССР (АН СССР), Сибирское отделение (СО), Институт космофизических исследований и аэрономии ; под ред. А. И. Кузьмина
|
| 210 |
|
|
|a Новосибирск
|c Наука
|d 1984
|
| 215 |
|
|
|a 734 с.
|
| 320 |
|
|
|a Библиогр.: с. 720-732
|
| 606 |
|
|
|a Космические лучи
|x Исследование
|2 stltpush
|3 (RuTPU)RU\TPU\subj\15850
|9 42056
|
| 610 |
1 |
|
|a временные вариации
|
| 610 |
1 |
|
|a пространственные вариации
|
| 610 |
1 |
|
|a автоматические станции
|
| 610 |
1 |
|
|a мюонные компоненты
|
| 610 |
1 |
|
|a эксплуатация
|
| 610 |
1 |
|
|a Якутск
|
| 610 |
1 |
|
|a форбуш-понижения
|
| 610 |
1 |
|
|a ионизационные толчки
|
| 675 |
|
|
|a 524.1
|v 3
|
| 700 |
|
1 |
|a Шафер
|b Г. В.
|g Галина Васильевна
|
| 701 |
|
1 |
|a Шафер
|b Ю. Г.
|g Юрий Георгиевич
|
| 702 |
|
1 |
|a Кузьмин
|b А. И.
|4 340
|
| 712 |
0 |
2 |
|a Академия наук СССР (АН СССР)
|b Сибирское отделение (СО)
|b Якутский филиал (ЯФ)
|c (Якутск)
|c (1957-1988)
|2 stltpush
|3 (RuTPU)RU\TPU\col\6086
|
| 712 |
0 |
2 |
|a Академия наук СССР (АН СССР)
|b Сибирское отделение (СО)
|b Институт космофизических исследований и аэрономии
|c ( г. Новосибирск)
|2 stltpush
|3 (RuTPU)RU\TPU\col\13622
|
| 801 |
|
1 |
|a RU
|b 63413507
|c 20150207
|
| 801 |
|
2 |
|a RU
|b 63413507
|c 20170904
|g RCR
|
| 942 |
|
|
|c BK
|